000 01075nam a22003137a 4500
001 5163
003 FISKH
005 20241108113921.0
008 241108b cb ||||| |||| 00| 0 eng d
020 _a9780312367688
040 _aFISKH
_beng
_cFISKH
_dFISKH
050 _aPZ7.E2634
082 _a485
100 _aEdwards, Nicholas
245 _aThe Rescue /
_cby Nicholas Edwards
260 _aNew York :
_bSquare Fish Book ;
_c2009.
300 _a216 pages :
_billustrations ;
_c20 cm .
490 _aDog whisperer Ewarsds
_vBook 1
505 _aZ
520 _aEleven-year-old Emily's nightmares of drowning lead her to an injured dog near her family's coastal Maine home, and as she nurses him back to health, she becomes aware that they have a strange psychic connection.
521 8 _a900
_bLexile
521 8 _aZ
_bRaz-Plus
650 _aHuman-animal communication
_vFiction
650 _aAnimals-resue
_vFiction
650 _aDog
_vFiction
700 _aGrazrdlo , Barbara
_eBook designer
942 _2ddc
_cBK
_n0
999 _c5163
_d5163